Los anarquistas rusos / (Record no. 27125)

MARC details
000 -LEADER
campo de control de longitud fija 00571nam a2200193 i 4500
001 - NÚMERO DE CONTROL
campo de control 27125
003 - IDENTIFICADOR DE NÚMERO DE CONTROL
campo de control ES-MaACL
007 - CAMPO FIJO DE DESCRIPCIÓN FÍSICA--INFORMACIÓN GENERAL
campo de control de longitud fija t|
008 - DATOS DE LONGITUD FIJA--INFORMACIÓN GENERAL
campo de control de longitud fija 030113s1974 sp ||||1| spa d
100 1# - ENTRADA PRINCIPAL--NOMBRE DE PERSONA
Nombre de persona Avrich, Paul.
9 (RLIN) 24090
245 14 - MENCIÓN DEL TÍTULO
Título Los anarquistas rusos /
Mención de responsabilidad, etc. Paul Avrich ; traductor, Leopoldo Lovelace.
260 ## - PUBLICACIÓN, DISTRIBUCIÓN, ETC.
Lugar de publicación, distribución, etc. Madrid :
Nombre del editor, distribuidor, etc. Alianza,
Fecha de publicación, distribución, etc. 1974.
300 ## - DESCRIPCIÓN FÍSICA
Extensión 33 p. ;
Dimensiones 18 cm.
490 1# - MENCIÓN DE SERIE
Mención de serie libro de bolsillo
700 1# - ENTRADA AGREGADA--NOMBRE PERSONAL
Nombre de persona Lovelace, Leopoldo.
9 (RLIN) 74355
830 03 - PUNTO DE ACCESO ADICIONAL DE SERIE-TÍTULO UNIFORME
Título uniforme El libro de bolsillo
9 (RLIN) 177802
852 ## - LOCALIZACIÓN
Ubicación ES-MaACL
Número de control de estantería E-6412
Sublocalización o colección R.91014
Holdings
Estatus retirado Estado de pérdida Estado de daño No para préstamo Biblioteca de origen Biblioteca actual Ubicación en estantería Fecha de adquisición Fuente de adquisición Total de préstamos Signatura topográfica completa Código de barras Visto por última vez Precio de reemplazo Tipo de ítem Koha
        Biblioteca del Ateneo de Madrid Biblioteca del Ateneo de Madrid Depósito 2 17/01/2008     E-6412 1027997 23/02/2023 23/02/2023 Libro impreso